Responses for Show #6767 - Tuesday, February 4, 2014

Battle of the Decades: The 1980s game 2.

Contestants

[<< previous game]

Andrew Westney, a sports business writer from Charlotte, North Carolina

Leszek Pawlowicz, a shovel bum from Flagstaff, Arizona

Leslie Frates, a retired Spanish teacher from Hayward, California

[next game >>]

Jeopardy! Round responses

OTHER GREAT DECADES
BOOK COVERS
OF OREGON ORIGIN
JOHN HUGHES MOVIES
BUSINESS & THE MARKET
THIS IS THE END
    $200 13
the 1860s

Leslie
    $200 16
The Hunger Games

Leszek
    $200 8
(Matt) Groening

Leszek
    $200 6
Planes, Trains and Automobiles

Leszek
    $200 7
General Motors

Leslie
    $200 1
last

Leslie
    $400 14
the 1960s

Leslie
    $400 19
Fahrenheit 451

Andrew
    $400 21
Steve Prefontaine

Leslie
    $400 23
Molly Ringwald

Andrew
    $400 9
500

Leszek
    $400 2
the final

Leslie
    $600 15
the 1950s

Andrew
    $600 20
The Great Gatsby

Leslie
    $600 22
(Beverly) Cleary

Andrew
    $600 24
The Breakfast Club

Leslie
    $600 10
Berkshire Hathaway

Leszek
    $600 3
a conclusion

Leszek
    $800 17
the 1880s

Leszek
    $2,000 26
The Godfather

Andrew
    $800 25
(James) Beard

Andrew
    $800 28
John Candy

Leszek
    $800 11
(Andrew: What is... Instagram?)

Snapchat

LeszekAndrew
    $800 4
the terminator

Leszek
    $1000 18
the 1490s

Triple Stumper
    $1000 27
The Catcher in the Rye

Andrew
    $1000 30
Norton Simon

Leslie
    $1000 29
She's Having a Baby

Triple Stumper
    $1000 12
(Leslie: What is John Deere?)

Caterpillar

LeslieLeszek
    $1000 5
complete

Andrew

Scores at the first commercial break (after clue 15):

Leslie Leszek Andrew
$400 $4,600 $800

Scores at the end of the Jeopardy! Round:

Leslie Leszek Andrew
$3,000 $6,400 $6,000

Double Jeopardy! Round responses

WHERE "U" GOIN'?
TV CHARACTERS
8-LETTER WORDS
RUN EMC
SURREALISM
CLARINETS & SEAFOOD
(Alex: Boy, that sounds weird.)
    $400 1
Utah

Leszek
    $400 7
Spock

Leszek
    $400 12
bankrupt

Leslie
    $400 26
Einstein

Leszek
    $400 21
Corpse

Leszek
    $400 6
a shrimp

Andrew
    $800 2
the Ukraine

Leszek
    $800 8
Monica & Ross

Triple Stumper
    $4,000 13
heraldry

Leslie
    $800 30
kinetic

Leszek
    $800 22
(René) Magritte

Leszek
    $800 17
klezmer

Leslie
    $1200 3
Uttar Pradesh

Leslie
    $1200 9
The Blacklist

Andrew
    $1200 14
(Leslie: Oh no, I rang too soon. Uh, what is lullaby?)

a rhapsody

LeslieLeszek
    $1200 29
(Leszek: What is equivalence?)

conservation

LeszekAndrew
    $1200 23
(Jean) Cocteau

Andrew
    $1200 18
SpongeBob SquarePants

Leszek
    $1600 4
Uvalde

Triple Stumper
    $1600 10
Murder, She Wrote

Leslie
    $1600 15
marbling

Andrew
    $10,000 28
E over c squared

Leszek
    $1600 24
the Pixies

Triple Stumper
    $1600 19
St. Peter

Triple Stumper
    $2000 5
the Ubangi

Leszek
    $2000 11
Luther

Andrew
    $2000 16
(Leszek: What is a luminance?)

a luminary

LeslieLeszek
    $2000 27
James Clerk Maxwell

Leszek
    $2000 25
(Joan) MirĂ³

Leslie
    $2000 20
Mozart

Leszek

Scores at the end of the Double Jeopardy! Round:

Leslie Leszek Andrew
$13,800 $25,600 $13,600

[wagering suggestions for these scores]

Final Jeopardy! Round responses

20th CENTURY WOMEN AUTHORS
[Laughter after Leslie's reveal]
(Alex: [To Leslie] Oh. Well, nice try.)
(Leslie: Yeah.)
...
(Alex: [To Leszek] He crossed out...)
(Leszek: I crossed out Shirley 'cause I wasn't sure if that was her first name.)
(Alex: Ahh, well, you did the right thing. You'd have been correct no matter what.)
AndrewWho is Jackson?
$13,600
LeslieWho is Shirley Frates
$9,801
LeszekWho is Shirley Jackson?
$2,400
Shirley Jackson

Final scores:

Leslie Leszek Andrew
$3,999 $28,000 $27,200
3rd place: $5,000 Quarterfinalist 2nd place: $5,000

Game dynamics:

Coryat scores:

Leslie Leszek Andrew
$10,600 $17,200 $12,400
16 R
(including 1 DD),
2 W
24 R
(including 1 DD),
2 W
14 R
(including 1 DD),
1 W

Combined Coryat: $40,200

[game clues] [game scores] [suggest correction]

Game tape date: 2013-12-17
The J! Archive is created by fans, for fans. Scraping, republication, monetization, and malicious use prohibited; this site may use cookies and collect identifying information. See terms. The Jeopardy! game show and all elements thereof, including but not limited to copyright and trademark thereto, are the property of Jeopardy Productions, Inc. and are protected under law. This website is not affiliated with, sponsored by, or operated by Jeopardy Productions, Inc. Join the discussion at JBoard.tv.